<?xml version="1.0" encoding="UTF-8"?>
<record
    xmlns:xsi="http://www.w3.org/2001/XMLSchema-instance"
    xsi:schemaLocation="http://www.loc.gov/MARC21/slim http://www.loc.gov/standards/marcxml/schema/MARC21slim.xsd"
    xmlns="http://www.loc.gov/MARC21/slim">

  <leader>02387nam a2200265 a 4500</leader>
  <controlfield tag="001">000044966</controlfield>
  <controlfield tag="003">DO-SdBNP</controlfield>
  <controlfield tag="005">20240306073908.0</controlfield>
  <controlfield tag="007">ta</controlfield>
  <controlfield tag="008">150127s1975    dr ac         000 0 spa d</controlfield>
  <datafield tag="040" ind1=" " ind2=" ">
    <subfield code="a">DO-SdBNP</subfield>
    <subfield code="b">spa</subfield>
    <subfield code="c">BNPHU</subfield>
  </datafield>
  <datafield tag="041" ind1=" " ind2=" ">
    <subfield code="h">spa</subfield>
  </datafield>
  <datafield tag="082" ind1=" " ind2="4">
    <subfield code="2">22</subfield>
    <subfield code="a">923.27293</subfield>
    <subfield code="b">D812T</subfield>
  </datafield>
  <datafield tag="100" ind1="1" ind2=" ">
    <subfield code="a">Troncoso S&#xE1;nchez, Pedro,</subfield>
    <subfield code="d">1904-1989</subfield>
    <subfield code="9">23599</subfield>
  </datafield>
  <datafield tag="245" ind1="1" ind2="0">
    <subfield code="a">Vida de Juan Pablo Duarte /</subfield>
    <subfield code="c">Pedro Troncoso S&#xE1;nchez.</subfield>
  </datafield>
  <datafield tag="260" ind1=" " ind2=" ">
    <subfield code="a">Santo Domingo :</subfield>
    <subfield code="b">Instituto Duartiano,</subfield>
    <subfield code="c">1975.</subfield>
  </datafield>
  <datafield tag="300" ind1=" " ind2=" ">
    <subfield code="a">522 p. :</subfield>
    <subfield code="b">il., retrs. ;</subfield>
    <subfield code="c">20 cm.</subfield>
  </datafield>
  <datafield tag="490" ind1="1" ind2=" ">
    <subfield code="a">Instituto Duartiano</subfield>
    <subfield code="v">11</subfield>
  </datafield>
  <datafield tag="505" ind1="0" ind2=" ">
    <subfield code="a">Primera parte :</subfield>
    <subfield code="t">I.-</subfield>
    <subfield code="u">El juramento en su coraz&#xF3;n.</subfield>
    <subfield code="t">II.-</subfield>
    <subfield code="u">El anuncio.</subfield>
    <subfield code="t">III.- </subfield>
    <subfield code="u">Se forma el n&#xFA;cleo.</subfield>
    <subfield code="t">IV.-</subfield>
    <subfield code="u">La pr&#xE9;dica.</subfield>
    <subfield code="t">V.-</subfield>
    <subfield code="u">Nace la Trinitaria.</subfield>
    <subfield code="t">VI.-</subfield>
    <subfield code="u">Trabajos conspirativos.</subfield>
    <subfield code="t">VII.-</subfield>
    <subfield code="u">El padre Gaspar.</subfield>
    <subfield code="t">VIII.-</subfield>
    <subfield code="u">La Filantr&#xF3;pica y la dram&#xE1;tica.</subfield>
    <subfield code="t">IX.-</subfield>
    <subfield code="u">El teatro de los trinitarios.</subfield>
    <subfield code="t">X.- </subfield>
    <subfield code="u">La trama revolucionaria.</subfield>
    <subfield code="t">XI.-</subfield>
    <subfield code="u">La revoluci&#xF3;n de la reforma.</subfield>
    <subfield code="t">XII.-</subfield>
    <subfield code="u">Misi&#xF3;n en el Este.</subfield>
    <subfield code="t">XIII.-</subfield>
    <subfield code="u">Triunfo comicial.</subfield>
    <subfield code="t">XIV.-</subfield>
    <subfield code="u">Horas decisivas.</subfield>
    <subfield code="t">XVI.-</subfield>
    <subfield code="u">Ocultamiento y fuga.</subfield>
    <subfield code="t">XVII.-</subfield>
    <subfield code="u">El primer exilio.</subfield>
    <subfield code="t">XVIII.-</subfield>
    <subfield code="u">Noticias de la Patria irredente.</subfield>
    <subfield code="t">XIX.-</subfield>
    <subfield code="u">Sacrificio.</subfield>
    <subfield code="t">XX.- </subfield>
    <subfield code="u">Nace la Patria libre.</subfield>
    <subfield code="t">XXI.-</subfield>
    <subfield code="u">El viaje de regreso.</subfield>
    <subfield code="t">XXII.-</subfield>
    <subfield code="u">La recompensa.</subfield>
  </datafield>
  <datafield tag="505" ind1="0" ind2=" ">
    <subfield code="a">Segunda parte :</subfield>
    <subfield code="t">XXIII.-</subfield>
    <subfield code="u">En campa&#xF1;a.</subfield>
    <subfield code="t">XXIV.-</subfield>
    <subfield code="u">Las primeras pretericiones.</subfield>
    <subfield code="t">XXV.-</subfield>
    <subfield code="u">La soberan&#xED;a en juego.</subfield>
    <subfield code="t">XXVI.-</subfield>
    <subfield code="u">Repliegue t&#xE1;ctico y acci&#xF3;n del 9 de junio.</subfield>
    <subfield code="t">XXVII.-</subfield>
    <subfield code="u">Nacionalismo radical.</subfield>
    <subfield code="t">XXVIII.-</subfield>
    <subfield code="u">El proyecto de constituci&#xF3;n.</subfield>
    <subfield code="t">XXIX.-</subfield>
    <subfield code="u">En el Cibao.</subfield>
    <subfield code="t">XXX.-</subfield>
    <subfield code="u">La gran lecci&#xF3;n.</subfield>
    <subfield code="t">XXXI.-</subfield>
    <subfield code="u">Bajo el imperio del sable.</subfield>
    <subfield code="t">XXXII.-</subfield>
    <subfield code="u">Persecuci&#xF3;n.</subfield>
    <subfield code="t">XXXIII.-</subfield>
    <subfield code="u">La pasi&#xF3;n comienza.</subfield>
    <subfield code="t">XXXIV.-</subfield>
    <subfield code="u">"Traidores los que de lealtad sobraban"</subfield>
    <subfield code="t">XXXV.-</subfield>
    <subfield code="u">En Hamburgo</subfield>
    <subfield code="t">XXXVI.-</subfield>
    <subfield code="u">La vida azarosa del proscrito.</subfield>
    <subfield code="t">XXXVII.-</subfield>
    <subfield code="u">Anacoresis.</subfield>
    <subfield code="t">XXXVIII.-</subfield>
    <subfield code="u">Otra vez en movimiento.</subfield>
    <subfield code="t">XXXIX.-</subfield>
    <subfield code="u">Persona, vida y bienes por la patria.</subfield>
    <subfield code="t">XL.-</subfield>
    <subfield code="u">En la Rep&#xFA;blica en armas.</subfield>
    <subfield code="t">XLI.-</subfield>
    <subfield code="u">De nuevo el c&#xE1;liz de amargura.</subfield>
    <subfield code="t">XLII.-</subfield>
    <subfield code="u">La dif&#xED;cil misi&#xF3;n.</subfield>
    <subfield code="t">XLIII.-</subfield>
    <subfield code="u">Una humillaci&#xF3;n y m&#xE1;s contrariedades.</subfield>
    <subfield code="t">XLIV.-</subfield>
    <subfield code="u">Preocupaci&#xF3;n nacionalista.</subfield>
    <subfield code="t">XLV.-</subfield>
    <subfield code="u">El ap&#xF3;stol otra vez.</subfield>
    <subfield code="t">XLVI.-</subfield>
    <subfield code="u">Las &#xFA;ltimas actuaciones.</subfield>
    <subfield code="t">XLVII.-</subfield>
    <subfield code="u">No llega el momento.</subfield>
    <subfield code="t">XLVIII.-</subfield>
    <subfield code="u">La primera proyecci&#xF3;n hist&#xF3;rica.</subfield>
    <subfield code="t">XLIX.-</subfield>
    <subfield code="u">A&#xF1;os de angustias y esperanzas.</subfield>
    <subfield code="t">L.-</subfield>
    <subfield code="u">La piadosa muerte.</subfield>
    <subfield code="t">LI.</subfield>
    <subfield code="u">Hacia la inmortalidad.</subfield>
  </datafield>
  <datafield tag="590" ind1=" " ind2=" ">
    <subfield code="a">Inventariado, 2021/MF</subfield>
  </datafield>
  <datafield tag="830" ind1=" " ind2="0">
    <subfield code="a">Instituto Duartiano </subfield>
    <subfield code="n">11</subfield>
    <subfield code="9">72987</subfield>
  </datafield>
  <datafield tag="910" ind1=" " ind2=" ">
    <subfield code="a">MF</subfield>
  </datafield>
  <datafield tag="942" ind1=" " ind2=" ">
    <subfield code="2">ddc</subfield>
    <subfield code="c">LBS1</subfield>
  </datafield>
  <datafield tag="952" ind1=" " ind2=" ">
    <subfield code="0">0</subfield>
    <subfield code="1">0</subfield>
    <subfield code="2">ddc</subfield>
    <subfield code="5">1</subfield>
    <subfield code="7">0</subfield>
    <subfield code="8">PD</subfield>
    <subfield code="a">BNPHU</subfield>
    <subfield code="b">PD</subfield>
    <subfield code="c">HD</subfield>
    <subfield code="d">2015-01-27</subfield>
    <subfield code="e">Donado / Germ&#xE1;n Emilio Ornes</subfield>
    <subfield code="l">0</subfield>
    <subfield code="o">BNPHU PD 923.27293 D812T</subfield>
    <subfield code="p">44966-10</subfield>
    <subfield code="r">2020-06-25</subfield>
    <subfield code="w">2020-06-25</subfield>
    <subfield code="y">LFPD</subfield>
  </datafield>
  <datafield tag="952" ind1=" " ind2=" ">
    <subfield code="0">0</subfield>
    <subfield code="1">0</subfield>
    <subfield code="2">ddc</subfield>
    <subfield code="5">1</subfield>
    <subfield code="7">0</subfield>
    <subfield code="8">PD</subfield>
    <subfield code="a">BNPHU</subfield>
    <subfield code="b">PD</subfield>
    <subfield code="c">HD</subfield>
    <subfield code="d">2013-02-16</subfield>
    <subfield code="e">Donado /Sonia Ginebra</subfield>
    <subfield code="l">0</subfield>
    <subfield code="o">BNPHU PD 923.27293 D812T</subfield>
    <subfield code="p">44966-20</subfield>
    <subfield code="r">2020-06-25</subfield>
    <subfield code="t">e. 2</subfield>
    <subfield code="w">2020-06-25</subfield>
    <subfield code="y">LFPD</subfield>
  </datafield>
  <datafield tag="952" ind1=" " ind2=" ">
    <subfield code="0">0</subfield>
    <subfield code="1">0</subfield>
    <subfield code="2">ddc</subfield>
    <subfield code="5">6</subfield>
    <subfield code="7">0</subfield>
    <subfield code="8">DS</subfield>
    <subfield code="a">BNPHU</subfield>
    <subfield code="b">DO</subfield>
    <subfield code="c">HD</subfield>
    <subfield code="d">2021-04-13</subfield>
    <subfield code="l">0</subfield>
    <subfield code="o">BNPHU DS 923.27293 D812T</subfield>
    <subfield code="p">2021-1395</subfield>
    <subfield code="r">2021-04-13</subfield>
    <subfield code="t">e.3</subfield>
    <subfield code="w">2021-04-13</subfield>
    <subfield code="y">LFDS</subfield>
  </datafield>
  <datafield tag="999" ind1=" " ind2=" ">
    <subfield code="c">44455</subfield>
    <subfield code="d">44455</subfield>
  </datafield>
</record>
